000 01421nam a22003017a 4500
001 6606
003 FISKH
005 20250513105023.0
008 250513b cb ||||| |||| 00| 0 eng d
020 _a9780545336024
040 _aFISKH
_beng
_cFISKH
_dFISKH
050 _a PZ7.B4123 Y
082 _a813.6
100 _aBell-Rehwoldt, Sheri
245 _aYou think it's easy being the tooth fairy? /
_cBy Sheri Bell-Rehwoldt ; Illustrated by David Slonim
250 _aThis edition first published in 2011
260 _aNew York :
_bScholastic,
_c2007
300 _a26 unnumbered pages :
_bcolor illustrations ;
_c27 cm
505 _aJ
520 _aJuvenile Fiction. Picture Book Fiction. Humor (Fiction.) HTML:All over America, kids are losing their teeth. And who is there to gather them up, leaving coins in their places? The Tooth Fairy, of course! A self-described action kind of gal with plenty of attitude, she reveals her secrets at last. Learn about her amazing Tooth-o-Finder. Marvel at her ingenious flying machine. Watch her in action, dodging dogs and cats and gerbils. You Think It's Easy Being the Tooth Fairy? is the essential guide for every kid about to lose a tooth.
521 8 _a500
_bLexile
521 8 _aJ
_bRaz-Plus
650 _2Teeth
_aPersuasive
650 _2Tooth fairy
_aPoint of view
700 _aSlonim, David
_dillustrator
942 _2ddc
_cBK
_n0
999 _c6606
_d6606